[Event "CAN-op"]
[Site "Edmonton CAN"]
[Date "2000.07.11"]
[Round "5"]
[White "Lentini, Joseph"]
[Black "Dean, Tim"]
[Result "1/2-1/2"]
[WhiteElo "2153"]
[BlackElo "1853"]
[PlyCount "113"]
[GameId "2160767911686464"]
[EventDate "2000.07.08"]
[EventType "swiss"]
[EventRounds "10"]
[EventCountry "CAN"]

1. e4 e5 2. Nf3 Nc6 3. Bb5 Nf6 4. O-O Nxe4 5. d4 Be7 6. Re1 Nd6 7. Bxc6 bxc6 8. Nxe5 O-O 9. b3 Nb7 10. c4 f6 11. Nd3 d5 12. c5 Bf5 13. Nc3 Qd7 14. Bf4 Nd8 15. Bg3 Bxd3 16. Qxd3 f5 17. Be5 f4 18. f3 Ne6 19. Nd1 Bf6 20. Nf2 Bh4 21. Re2 Bxf2+ 22. Kxf2 a5 23. Rae1 Rab8 24. Qc3 Ra8 25. Qd2 Qf7 26. Bxc7 Nxc7 27. Re7 Qh5 28. Rxc7 Rae8 29. Kg1 Qh4 30. Re2 Qf6 31. Rf2 Re3 32. Rd7 Rfe8 33. Rd6 R8e6 34. Rxe6 Qxe6 35. Kf1 Qf5 36. Re2 Qb1+ 37. Kf2 Kf7 38. Rxe3 fxe3+ 39. Kxe3 Qg1+ 40. Kd3 Qxh2 41. g4 Qg3 42. Qe3 Qh2 43. Qe5 Qxa2 44. Qc7+ Kf8 45. Qd8+ Kf7 46. Qd7+ Kf8 47. Qf5+ Ke7 48. Qe5+ Kf7 49. Qc7+ Kf8 50. Qxc6 Qxb3+ 51. Ke2 Qc4+ 52. Ke3 Qc3+ 53. Kf4 Qxd4+ 54. Kg3 Qg1+ 55. Kf4 Qd4+ 56. Kg3 Qg1+ 57. Kf4 1/2-1/2

[Event "CAN-op"]
[Site "Edmonton CAN"]
[Date "2000.07.11"]
[Round "5"]
[White "Lipnowski, Michael"]
[Black "Nguyen, Kim"]
[Result "0-1"]
[WhiteElo "1618"]
[BlackElo "2043"]
[PlyCount "110"]
[GameId "2160767911686465"]
[EventDate "2000.07.08"]
[EventType "swiss"]
[EventRounds "10"]
[EventCountry "CAN"]

1. c4 Nf6 2. d4 e6 3. Nf3 d5 4. cxd5 Nxd5 5. e4 Nf6 6. Nc3 Be7 7. Bd3 b6 8. O-O O-O 9. Be3 Bb7 10. Qe2 Qc8 11. Rac1 Na6 12. Rfd1 Rd8 13. a3 c5 14. dxc5 Nxc5 15. Na4 Bxe4 16. Bxe4 Nfxe4 17. b4 Qa6 18. Qxa6 Nxa6 19. Ne5 Rxd1+ 20. Rxd1 Rd8 21. Rxd8+ Bxd8 22. Nc6 b5 23. Nxd8 bxa4 24. Bxa7 Nc3 25. Nc6 Nc7 26. Nd4 e5 27. Nc2 N7b5 28. Be3 f5 29. Kf1 Kf7 30. Ke1 Ke6 31. f4 g6 32. Bc1 Kd5 33. fxe5 Kxe5 34. Kd2 Ke4 35. Bb2 Nd5 36. Bc1 Nb6 37. Bb2 Nc4+ 38. Kc1 Nxb2 39. Kxb2 f4 40. Ne1 g5 41. h3 h5 42. Nf3 g4 43. hxg4 hxg4 44. Nh2 f3 45. gxf3+ gxf3 46. Nxf3 Kxf3 47. Ka2 Ke3 48. Kb2 Kd2 49. Ka2 Kc2 50. Ka1 Kb3 51. Kb1 Nxa3+ 52. Kc1 Nb5 53. Kb1 a3 54. Ka1 Nd4 55. Kb1 a2+ 0-1

[Event "CAN-op"]
[Site "Edmonton CAN"]
[Date "2000.07.11"]
[Round "5"]
[White "Long, Hugh"]
[Black "Neumann, Ralph"]
[Result "1-0"]
[WhiteElo "1928"]
[BlackElo "1707"]
[PlyCount "37"]
[GameId "2160767911686466"]
[EventDate "2000.07.08"]
[EventType "swiss"]
[EventRounds "10"]
[EventCountry "CAN"]

1. d4 g6 2. e4 d6 3. c4 Bg7 4. Nc3 Nf6 5. h3 O-O 6. Nf3 e6 7. Bg5 Qe8 8. Qd2 Nfd7 9. Bh6 c5 10. Bxg7 Kxg7 11. Nb5 Na6 12. Nxd6 Qe7 13. e5 f6 14. O-O-O cxd4 15. Qxd4 Nxe5 16. Nxe5 fxe5 17. Qxe5+ Qf6 18. Qxf6+ Rxf6 19. Ne8+ 1-0

[Event "CAN-op"]
[Site "Edmonton CAN"]
[Date "2000.07.11"]
[Round "5"]
[White "Lynn, Jim"]
[Black "Hughey, Micah"]
[Result "0-1"]
[WhiteElo "1904"]
[BlackElo "2082"]
[PlyCount "56"]
[GameId "2160767911686467"]
[EventDate "2000.07.08"]
[EventType "swiss"]
[EventRounds "10"]
[EventCountry "CAN"]

1. c4 e6 2. g3 d5 3. Bg2 c5 4. cxd5 exd5 5. d4 Nf6 6. Nf3 Nc6 7. O-O Be7 8. Nc3 O-O 9. dxc5 d4 10. Na4 Bf5 11. Nh4 Be4 12. b3 Re8 13. Bxe4 Nxe4 14. Nf3 Bf6 15. Bf4 d3 16. exd3 Bxa1 17. dxe4 Bf6 18. Qe2 Nd4 19. Qd3 Nxf3+ 20. Qxf3 Qd4 21. e5 Bxe5 22. Bxe5 Rxe5 23. Qxb7 Rae8 24. Qxa7 Re1 25. Qa6 Qd1 26. Kg2 Qd5+ 27. Kh3 R1e6 28. Rd1 Qh5+ 0-1

[Event "CAN-op"]
[Site "Edmonton CAN"]
[Date "2000.07.11"]
[Round "5"]
[White "MacFarlane, Donald"]
[Black "MacNab, John"]
[Result "1-0"]
[WhiteElo "1484"]
[BlackElo "1674"]
[PlyCount "105"]
[GameId "2160767911686468"]
[EventDate "2000.07.08"]
[EventType "swiss"]
[EventRounds "10"]
[EventCountry "CAN"]

1. e4 c5 2. f4 d5 3. exd5 Qxd5 4. Nc3 Qd8 5. Nf3 Nf6 6. Bc4 e6 7. O-O Be7 8. d3 O-O 9. Ne5 a6 10. a3 b5 11. Ba2 Qd6 12. Qf3 Ra7 13. Be3 Bb7 14. Qg3 Nd5 15. Ne4 Qc7 16. Bf2 Ra8 17. Rae1 Rd8 18. c3 Nd7 19. c4 N5f6 20. Ng5 Nxe5 21. fxe5 Nh5 22. Qg4 Bxg5 23. Qxg5 Qc6 24. Re4 Rxd3 25. Rfe1 g6 26. Bb1 Rd7 27. Rh4 Ng7 28. Be4 Qc7 29. Bxb7 Qxb7 30. Bxc5 Rc8 31. Bd6 bxc4 32. Qh6 Nh5 33. Rg4 Qb6+ 34. Kf1 Qb5 35. Kg1 Qb6+ 36. Kh1 Rxd6 37. exd6 Qxd6 38. Qxh5 Qd2 39. Qe5 c3 40. bxc3 Rxc3 41. Rb4 Rc8 42. Rb8 Qd8 43. Rxc8 Qxc8 44. Rd1 h5 45. Qf6 Kh7 46. Qxf7+ Kh6 47. Qd7 Qc4 48. Qd2+ Kh7 49. Rc1 Qh4 50. g3 Qf6 51. Qc3 Qf5 52. Qc7+ Kh6 53. Qf4+ 1-0

[Event "CAN-op"]
[Site "Edmonton CAN"]
[Date "2000.07.11"]
[Round "5"]
[White "MacFie, Bob"]
[Black "Beebe, Greg"]
[Result "1-0"]
[WhiteElo "1627"]
[BlackElo "1861"]
[PlyCount "115"]
[GameId "2160767911686469"]
[EventDate "2000.07.08"]
[EventType "swiss"]
[EventRounds "10"]
[EventCountry "CAN"]

1. f4 Nf6 2. Nf3 d5 3. e3 Nc6 4. Bb5 Bd7 5. O-O a6 6. Bxc6 Bxc6 7. b3 e6 8. Bb2 Bc5 9. Ne5 Qe7 10. d4 Ba7 11. Ba3 Qd8 12. Nd2 Nd7 13. Qh5 Qf6 14. Ndf3 O-O-O 15. Qxf7 Rde8 16. g4 Nxe5 17. Nxe5 Qh4 18. Rf2 h5 19. g5 Qh3 20. Rf3 Qf5 21. Qxf5 exf5 22. Rf2 Re6 23. Bb2 Be8 24. h4 g6 25. c4 c6 26. cxd5 cxd5 27. Rc2+ Bc6 28. b4 Kb8 29. a4 Rc8 30. Rac1 Rce8 31. b5 axb5 32. axb5 Bxb5 33. Rc7 Bb6 34. Rg7 Ba7 35. Ba3 Bb6 36. Bb4 Ba4 37. Kf2 Bb5 38. Rc3 Ka7 39. Ra3+ Kb8 40. Rc3 Ka7 41. Bc5 Ka6 42. Bxb6 Kxb6 43. Rcc7 Bc6 44. Rcf7 Kb5 45. Rf6 Rxf6 46. gxf6 Rf8 47. f7 Be8 48. fxe8=Q+ Rxe8 49. Rxb7+ Ka6 50. Rg7 Rc8 51. Rxg6+ Ka5 52. Rg5 Rc2+ 53. Kf3 Kb4 54. Rxf5 Kc3 55. Rxh5 Rh2 56. Ng4 Rh1 57. Rxd5 Rxh4 58. Ne5 1-0

[Event "CAN-op"]
[Site "Edmonton CAN"]
[Date "2000.07.11"]
[Round "5"]
[White "Mair, Bob"]
[Black "Caron, Harvey"]
[Result "1/2-1/2"]
[WhiteElo "1695"]
[BlackElo "1736"]
[PlyCount "53"]
[GameId "2160767911686470"]
[EventDate "2000.07.08"]
[EventType "swiss"]
[EventRounds "10"]
[EventCountry "CAN"]

1. b4 d5 2. Bb2 Nf6 3. Nf3 e6 4. a3 c5 5. c3 c4 6. d3 Nbd7 7. dxc4 dxc4 8. Nbd2 Qc7 9. e3 Nb6 10. a4 a5 11. b5 e5 12. g3 Bg4 13. Qc2 Bd6 14. Bg2 O-O 15. Ng5 Rfd8 16. Nde4 Nxe4 17. Qxe4 f5 18. Qxb7 Ra7 19. Qxc7 Bxc7 20. Bf3 Bxf3 21. Nxf3 Bb8 22. Ke2 Rad7 23. Bc1 Rd3 24. Bd2 g5 25. Rhd1 h6 26. Ne1 R3d7 27. Nf3 1/2-1/2

[Event "CAN-op"]
[Site "Edmonton CAN"]
[Date "2000.07.11"]
[Round "5"]
[White "Malito, Skylar"]
[Black "Faust, Steven"]
[Result "1-0"]
[WhiteElo "1505"]
[BlackElo "1874"]
[PlyCount "75"]
[GameId "2160767911686471"]
[EventDate "2000.07.08"]
[EventType "swiss"]
[EventRounds "10"]
[EventCountry "CAN"]

1. Nc3 d5 2. e4 d4 3. Nce2 c5 4. Ng3 Nc6 5. Nf3 e5 6. Bc4 Be6 7. Bxe6 fxe6 8. d3 Nf6 9. Bg5 Be7 10. c3 O-O 11. Qb3 Qd7 12. h4 h6 13. Bd2 Ng4 14. Nf1 Rf7 15. N1h2 Nxh2 16. Rxh2 Raf8 17. O-O-O Bf6 18. a3 Rc8 19. c4 Qc7 20. g4 Bd8 21. Rh3 a6 22. g5 b5 23. gxh6 Bf6 24. Rg1 Kh8 25. cxb5 Nd8 26. b6 Qc6 27. Ba5 Nb7 28. Bd2 gxh6 29. Kb1 Kh7 30. Ng5+ Bxg5 31. hxg5 Rxf2 32. g6+ Kg8 33. Be1 Rf6 34. Rxh6 Nd6 35. Rgh1 c4 36. Qd1 cxd3 37. Rh8+ Kg7 38. R1h7+ 1-0

[Event "CAN-op"]
[Site "Edmonton CAN"]
[Date "2000.07.11"]
[Round "5"]
[White "Martinson, Rick"]
[Black "Grumic, Sasha"]
[Result "0-1"]
[WhiteElo "1750"]
[BlackElo "2233"]
[PlyCount "100"]
[GameId "2160767911686472"]
[EventDate "2000.07.08"]
[EventType "swiss"]
[EventRounds "10"]
[EventCountry "CAN"]

1. d4 g6 2. c4 Bg7 3. Nc3 c5 4. d5 Bxc3+ 5. bxc3 f5 6. g3 Nf6 7. Bg2 Qa5 8. Qc2 d6 9. Nf3 b5 10. cxb5 a6 11. b6 Ne4 12. O-O c4 13. Nd2 Nxd2 14. Qxd2 O-O 15. Qd4 Nd7 16. Bh6 Rf7 17. Qxc4 Qxb6 18. Qb3 Qc7 19. Rfc1 a5 20. Qc2 a4 21. e4 Nc5 22. f3 e5 23. Qd2 a3 24. Rab1 Bd7 25. Be3 Raf8 26. Kh1 h5 27. Bg5 Kh7 28. Be3 Bc8 29. c4 h4 30. gxh4 fxe4 31. fxe4 Bg4 32. Bxc5 Qxc5 33. Rf1 Qxc4 34. Rxf7+ Rxf7 35. Re1 Bh5 36. Rc1 Qb5 37. Qc2 Qb2 38. Kg1 Qb6+ 39. Kh1 Qe3 40. Qc3 Qe2 41. Qc2 Qe3 42. Qc3 Qe2 43. Qxa3 Bf3 44. Bxf3 Rxf3 45. Rc7+ Kh6 46. Qc1+ Rf4 47. Rf7 Qxe4+ 48. Kg1 Qd4+ 49. Kh1 Qxd5+ 50. Kg1 Qxf7 0-1

[Event "CAN-op"]
[Site "Edmonton CAN"]
[Date "2000.07.11"]
[Round "5"]
[White "McIntyre, John"]
[Black "Jiganchine, Roman"]
[Result "0-1"]
[WhiteElo "1992"]
[BlackElo "2199"]
[PlyCount "86"]
[GameId "2160767911686473"]
[EventDate "2000.07.08"]
[EventType "swiss"]
[EventRounds "10"]
[EventCountry "CAN"]

1. e4 e5 2. Nf3 Nc6 3. d4 exd4 4. c3 d5 5. exd5 Qxd5 6. cxd4 Bb4+ 7. Nc3 Bg4 8. Be3 O-O-O 9. Be2 Bxf3 10. Bxf3 Qc4 11. Bxc6 Bxc3+ 12. bxc3 Qxc3+ 13. Bd2 Qxc6 14. Qg4+ Qe6+ 15. Qxe6+ fxe6 16. Be3 Rd5 17. Rc1 Ne7 18. O-O Nc6 19. Rc4 Rhd8 20. Rfc1 e5 21. Rxc6 bxc6 22. Rxc6 exd4 23. Bf4 R8d7 24. Kf1 d3 25. Ke1 Ra5 26. Be3 Rxa2 27. Bd2 Ra1+ 28. Rc1 Re7+ 29. Kd1 Rxc1+ 30. Bxc1 Re2 31. Be3 a5 32. g4 a4 33. h4 a3 34. Bd4 g6 35. f4 Kd7 36. f5 gxf5 37. gxf5 a2 38. h5 Rh2 39. h6 a1=Q+ 40. Bxa1 Rh1+ 41. Kd2 Rxa1 42. Kxd3 Kd6 43. Ke4 Ra4+ 0-1

[Event "CAN-op"]
[Site "Edmonton CAN"]
[Date "2000.07.11"]
[Round "5"]
[White "McKay, Tom"]
[Black "Olson, Hans"]
[Result "0-1"]
[WhiteElo "1689"]
[BlackElo "2044"]
[PlyCount "68"]
[GameId "2160767911686474"]
[EventDate "2000.07.08"]
[EventType "swiss"]
[EventRounds "10"]
[EventCountry "CAN"]

1. e4 e5 2. Nf3 Nc6 3. Bb5 a6 4. Ba4 Nf6 5. O-O Be7 6. Re1 b5 7. Bb3 O-O 8. c3 d5 9. exd5 Nxd5 10. Nxe5 Nxe5 11. Rxe5 c6 12. d4 Bd6 13. Re1 Qh4 14. g3 Qh3 15. Qf3 Bg4 16. Qg2 Qh5 17. Nd2 Rae8 18. Rxe8 Rxe8 19. f3 Re1+ 20. Kf2 Bh3 21. Qxh3 Qxh3 22. Kxe1 Qxh2 23. Bxd5 Bxg3+ 24. Kd1 cxd5 25. Nb3 Qh1+ 26. Kc2 Qxf3 27. a4 Qe4+ 28. Kd1 Qd3+ 29. Nd2 h5 30. axb5 axb5 31. Ra8+ Kh7 32. Rd8 Bf4 33. Rxd5 Bxd2 34. Bxd2 Qf3+ 0-1

[Event "CAN-op"]
[Site "Edmonton CAN"]
[Date "2000.07.11"]
[Round "5"]
[White "McLaughlin, Robert"]
[Black "Taylor, Ian"]
[Result "0-1"]
[WhiteElo "1288"]
[BlackElo "1304"]
[PlyCount "30"]
[GameId "2160767911686475"]
[EventDate "2000.07.08"]
[EventType "swiss"]
[EventRounds "10"]
[EventCountry "CAN"]

1. e4 Nc6 2. Nc3 Nf6 3. Nf3 e5 4. Bc4 Bc5 5. O-O O-O 6. d3 h6 7. a3 b6 8. Nh4 Bb7 9. Nf5 Ne7 10. Nxh6+ gxh6 11. Bxh6 Re8 12. Qf3 Ng6 13. Qf5 Bf8 14. Qxg6+ Kh8 15. Bg5 fxg6 0-1

[Event "CAN-op"]
[Site "Edmonton CAN"]
[Date "2000.07.11"]
[Round "5"]
[White "McMaster, Carolyn"]
[Black "Anderson, Ashton"]
[Result "1/2-1/2"]
[WhiteElo "1569"]
[BlackElo "1764"]
[PlyCount "87"]
[GameId "2160767911686476"]
[EventDate "2000.07.08"]
[EventType "swiss"]
[EventRounds "10"]
[EventCountry "CAN"]

1. e4 e5 2. Nf3 Nc6 3. d4 exd4 4. Nxd4 Bc5 5. Nxc6 bxc6 6. Bc4 Qf6 7. Qf3 Qxf3 8. gxf3 f6 9. Rg1 g6 10. Be3 Bxe3 11. fxe3 Ne7 12. Nc3 Bb7 13. O-O-O Rd8 14. f4 d5 15. Be2 Nc8 16. exd5 cxd5 17. Na4 Nd6 18. Bd3 Kf7 19. Rge1 Rhe8 20. Re2 Bc8 21. Rg1 Re7 22. Nc3 c6 23. e4 dxe4 24. Nxe4 Nxe4 25. Rxe4 Rxe4 26. Bxe4 c5 27. c3 Be6 28. a3 a5 29. Rd1 Rxd1+ 30. Kxd1 h6 31. b4 cxb4 32. cxb4 axb4 33. axb4 Bd7 34. Kd2 Bb5 35. Bg2 g5 36. fxg5 hxg5 37. Ke3 Ke6 38. Kd4 Kf5 39. Ke3 Ke5 40. Kf3 f5 41. Ke3 g4 42. Bb7 f4+ 43. Kf2 Kf5 44. h3 1/2-1/2

[Event "CAN-op"]
[Site "Edmonton CAN"]
[Date "2000.07.11"]
[Round "5"]
[White "Miller, Brian"]
[Black "Tsui, Edwin"]
[Result "0-1"]
[WhiteElo "1854"]
[BlackElo "1548"]
[PlyCount "96"]
[GameId "2160767911686477"]
[EventDate "2000.07.08"]
[EventType "swiss"]
[EventRounds "10"]
[EventCountry "CAN"]

1. d4 Nf6 2. c4 g6 3. Nc3 Bg7 4. e4 d6 5. f3 O-O 6. Be3 Nc6 7. Bd3 e5 8. d5 Ne7 9. Nge2 Nd7 10. g4 Nb6 11. Ng3 f5 12. gxf5 gxf5 13. Nxf5 Nxf5 14. exf5 Bxf5 15. Ne4 Bxe4 16. fxe4 Qh4+ 17. Kd2 Rf7 18. Qe2 Raf8 19. Kc3 c6 20. Rag1 cxd5 21. cxd5 Nxd5+ 22. Kb3 Nxe3 23. Qxe3 Rf3 24. Qe2 Qh3 25. Rd1 Rf2 26. Qe1 R8f3 27. Kc4 b5+ 28. Kb4 Rxb2+ 29. Kc3 Rxa2 30. Kb3 Raf2 31. Kb4 Rxh2 32. Rxh2 Qxh2 33. Rd2 Qh3 34. Bc2 Qd7 35. Bb3+ Kf8 36. Rf2 a5+ 37. Ka3 b4+ 38. Kb2 Rf4 39. Kb1 a4 40. Bd5 Qb5 41. Qd2 Bh6 42. Qc2 Qa6 43. Rg2 Rf1+ 44. Kb2 Bc1+ 45. Ka2 b3+ 46. Bxb3 axb3+ 47. Kxb3 Rf3+ 48. Kb4 Ba3# 0-1

[Event "CAN-op"]
[Site "Edmonton CAN"]
[Date "2000.07.11"]
[Round "5"]
[White "Milne, Arthur"]
[Black "Kleist, Frederick"]
[Result "0-1"]
[WhiteElo "1929"]
[BlackElo "2139"]
[PlyCount "94"]
[GameId "2160767911686478"]
[EventDate "2000.07.08"]
[EventType "swiss"]
[EventRounds "10"]
[EventCountry "CAN"]

1. c4 c6 2. b3 d5 3. Nf3 Nf6 4. Bb2 Bf5 5. g3 Nbd7 6. Bg2 e6 7. O-O h6 8. d3 Bc5 9. Nc3 O-O 10. a3 a5 11. Rc1 Qe7 12. Nb1 Rfd8 13. Qc2 Bh7 14. Qc3 Qf8 15. Ne5 d4 16. Nxd7 dxc3 17. Nxf8 cxb2 18. Nxh7 Bxf2+ 19. Kh1 bxc1=Q 20. Nxf6+ gxf6 21. Rxc1 Be3 22. Rf1 Ra6 23. Nc3 f5 24. Bf3 Bd2 25. Nb1 Bg5 26. Nc3 Be7 27. a4 Bf6 28. Na2 Rb6 29. Rb1 Bg5 30. Nc3 Bd2 31. Nd1 Kg7 32. Kg2 Kf6 33. Rb2 Bb4 34. Nf2 Bc5 35. Nh3 e5 36. Nf2 Bd4 37. Rb1 Re8 38. e4 Bxf2 39. Kxf2 Rd8 40. Ke2 f4 41. g4 Rb4 42. Kd2 b5 43. axb5 cxb5 44. Kc3 bxc4 45. dxc4 Rdb8 46. Bd1 a4 47. Rb2 Rxb3+ 0-1

[Event "CAN-op"]
[Site "Edmonton CAN"]
[Date "2000.07.11"]
[Round "5"]
[White "Neufahrt, Gerhard"]
[Black "Hellsten, Ole"]
[Result "1-0"]
[WhiteElo "2131"]
[BlackElo "1979"]
[PlyCount "55"]
[GameId "2160767911686479"]
[EventDate "2000.07.08"]
[EventType "swiss"]
[EventRounds "10"]
[EventCountry "CAN"]

1. Nf3 d5 2. d4 Nf6 3. Bf4 e6 4. e3 Bd6 5. Ne5 O-O 6. Bd3 c5 7. c3 Qe7 8. Nd2 Nc6 9. Ndf3 Bxe5 10. dxe5 Nd7 11. Bxh7+ Kh8 12. Bc2 f5 13. Ng5 g6 14. Nf3 Qg7 15. h4 Ndxe5 16. Ng5 Rf6 17. h5 Kg8 18. hxg6 Qxg6 19. Rh3 Qg7 20. Rh7 Qg6 21. Qe2 Nf7 22. Rh5 e5 23. Nxf7 Kxf7 24. Bg5 Re6 25. O-O-O Ne7 26. Rdh1 Ng8 27. Bd8 Ke8 28. Bxf5 1-0

[Event "CAN-op"]
[Site "Edmonton CAN"]
[Date "2000.07.11"]
[Round "5"]
[White "Newton, Geoff"]
[Black "Hacatoglu, Kevork"]
[Result "0-1"]
[WhiteElo "2044"]
[BlackElo "2209"]
[PlyCount "52"]
[GameId "2160767911686480"]
[EventDate "2000.07.08"]
[EventType "swiss"]
[EventRounds "10"]
[EventCountry "CAN"]

1. e4 e6 2. d4 d5 3. Nd2 Nf6 4. e5 Nfd7 5. Bd3 c5 6. c3 Nc6 7. Ne2 cxd4 8. cxd4 f6 9. exf6 Nxf6 10. Nf3 Bd6 11. O-O O-O 12. Bf4 Bxf4 13. Nxf4 Ne4 14. Nh5 g6 15. Ng3 Nxg3 16. hxg3 Qb6 17. Ng5 Qxd4 18. Nxh7 Kxh7 19. Qh5+ Kg8 20. Bxg6 Qh8 21. Qe2 Qg7 22. Bh5 e5 23. Rac1 Bf5 24. Qb5 Rad8 25. Rc5 Nd4 26. Qb4 Bg4 0-1

[Event "CAN-op"]
[Site "Edmonton CAN"]
[Date "2000.07.11"]
[Round "5"]
[White "Niksic, John"]
[Black "Zubac, Marius"]
[Result "1/2-1/2"]
[WhiteElo "2075"]
[BlackElo "2308"]
[PlyCount "87"]
[GameId "2160767911686481"]
[EventDate "2000.07.08"]
[EventType "swiss"]
[EventRounds "10"]
[EventCountry "CAN"]

1. d4 d5 2. Nf3 e6 3. c4 f5 4. g3 Nf6 5. Bg2 c6 6. O-O Bd6 7. b3 Qe7 8. Bb2 O-O 9. Nc3 Bd7 10. e3 Be8 11. Ne1 Bh5 12. Qc2 Ne4 13. Nd3 Nd7 14. f3 Nxc3 15. Qxc3 Rac8 16. e4 fxe4 17. fxe4 Qg5 18. e5 Be7 19. Nf4 Qh6 20. Qa5 g5 21. Nxh5 Qxh5 22. Qxa7 Qe2 23. Qxb7 Rxf1+ 24. Rxf1 Rf8 25. Rxf8+ Kxf8 26. Qxd7 Qxb2 27. cxd5 Qxd4+ 28. Kf1 Qa1+ 29. Ke2 Qxa2+ 30. Kf1 Qa1+ 31. Kf2 Bc5+ 32. Ke2 Qxe5+ 33. Kd3 Qe3+ 34. Kc2 cxd5 35. Bh3 Qe2+ 36. Kb1 Qd1+ 37. Kb2 Qd2+ 38. Kb1 Qe1+ 39. Kc2 Qe2+ 40. Kb1 Qd3+ 41. Kb2 Qd2+ 42. Kb1 Qd1+ 43. Kb2 Qe2+ 44. Kb1 1/2-1/2

[Event "CAN-op"]
[Site "Edmonton CAN"]
[Date "2000.07.11"]
[Round "5"]
[White "Nystrom, Kurtis"]
[Black "Taylor, William"]
[Result "1-0"]
[WhiteElo "1675"]
[BlackElo "2022"]
[PlyCount "53"]
[GameId "2160767911686482"]
[EventDate "2000.07.08"]
[EventType "swiss"]
[EventRounds "10"]
[EventCountry "CAN"]

1. e4 Nf6 2. e5 Nd5 3. c4 Nb6 4. d4 d6 5. Nf3 Bg4 6. exd6 exd6 7. Be3 Nc6 8. Nbd2 Qd7 9. Be2 O-O-O 10. O-O f5 11. d5 Ne5 12. Bxb6 axb6 13. Nd4 Be7 14. f4 Nd3 15. Bxd3 Bxd1 16. Bxf5 Bf6 17. Bxd7+ Rxd7 18. Ne6 Be2 19. Rfe1 Bd3 20. Re3 Bxb2 21. Rae1 Bf5 22. Nf3 h6 23. Rb3 Bf6 24. Rbe3 Re7 25. Ned4 Rxe3 26. Rxe3 Kd7 27. Nxf5 1-0

[Event "CAN-op"]
[Site "Edmonton CAN"]
[Date "2000.07.11"]
[Round "5"]
[White "Osthoff, Dieter"]
[Black "Campbell, Jamie"]
[Result "0-1"]
[WhiteElo "1610"]
[BlackElo "1436"]
[PlyCount "90"]
[GameId "2160767911686483"]
[EventDate "2000.07.08"]
[EventType "swiss"]
[EventRounds "10"]
[EventCountry "CAN"]

1. d4 Nf6 2. Nc3 g6 3. e4 d6 4. Bc4 Bg7 5. Be3 O-O 6. Nf3 Nxe4 7. Bxf7+ Rxf7 8. Nxe4 Nc6 9. c3 b6 10. Qd2 d5 11. Neg5 Rf8 12. O-O-O h6 13. Nh3 Bxh3 14. gxh3 Rxf3 15. Bxh6 Qf8 16. Bxg7 Kxg7 17. Rdf1 Qf4 18. Qxf4 Rxf4 19. Rhg1 e5 20. dxe5 Nxe5 21. Kc2 Rh8 22. Rg5 Kf6 23. Rg3 Rfh4 24. f4 Nc6 25. Rff3 d4 26. Kd3 dxc3 27. bxc3 Ne7 28. f5 g5 29. Re3 Nxf5 30. Rgf3 Rf4 31. Rxf4 gxf4 32. Rf3 Kg5 33. Ke4 Re8+ 34. Kd3 Re3+ 35. Rxe3 fxe3 36. Ke2 Kh4 37. Kf3 Kxh3 38. Ke2 Kxh2 39. a3 Kg3 40. a4 Kf4 41. Ke1 Ke4 42. Ke2 Kd5 43. Kd3 Kc5 44. Ke2 a5 45. Ke1 b5 0-1

[Event "CAN-op"]
[Site "Edmonton CAN"]
[Date "2000.07.11"]
[Round "5"]
[White "Palcic, Branko"]
[Black "Martin, Steve"]
[Result "0-1"]
[WhiteElo "1676"]
[BlackElo "1266"]
[PlyCount "68"]
[GameId "2160767911686485"]
[EventDate "2000.07.08"]
[EventType "swiss"]
[EventRounds "10"]
[EventCountry "CAN"]

1. Nf3 Nc6 2. d4 d5 3. Nc3 Bf5 4. a3 Nf6 5. e3 e6 6. Bd2 Bd6 7. Bb5 O-O 8. h3 Ne7 9. Qe2 c5 10. Bd3 c4 11. Bxf5 Nxf5 12. g4 Ne7 13. Ne5 b5 14. Nxb5 Ne4 15. Nxd6 Qxd6 16. Bb4 Qc7 17. f3 Ng3 18. Qg2 Nxh1 19. Ke2 f6 20. Bxe7 Qxe7 21. Nc6 Qb7 22. Nb4 a5 23. Na2 Ng3+ 24. Qxg3 Qxb2 25. Qe1 Qxc2+ 26. Qd2 Qxd2+ 27. Kxd2 Rab8 28. Kc2 Rb3 29. Nc3 Rfb8 30. Rb1 Rxb1 31. Nxb1 Rb3 32. a4 Kf7 33. Nc3 Kg6 34. f4 f5 0-1

[Event "CAN-op"]
[Site "Edmonton CAN"]
[Date "2000.07.11"]
[Round "5"]
[White "Panjwani, Dilip"]
[Black "Strojevs, Alexander"]
[Result "1-0"]
[WhiteElo "1599"]
[BlackElo "1904"]
[PlyCount "141"]
[GameId "2160767911686486"]
[EventDate "2000.07.08"]
[EventType "swiss"]
[EventRounds "10"]
[EventCountry "CAN"]

1. e4 c5 2. c4 d6 3. Nc3 Nc6 4. Nge2 Nf6 5. g3 g6 6. Bg2 Bg7 7. O-O O-O 8. h3 a6 9. d3 h6 10. g4 e6 11. Ng3 Nd4 12. f4 Rb8 13. Nce2 Nxe2+ 14. Qxe2 b5 15. Be3 bxc4 16. dxc4 Bb7 17. Rad1 Qc7 18. Qf2 Rbc8 19. f5 exf5 20. exf5 Bxg2 21. Qxg2 g5 22. Rd3 Rfd8 23. Rfd1 Rd7 24. R1d2 Qc6 25. Qxc6 Rxc6 26. Kf2 Bf8 27. Kf3 Rc8 28. Ne4 Nxe4 29. Kxe4 Re7+ 30. Kf3 Rd7 31. Rh2 Bg7 32. b3 Be5 33. Rh1 f6 34. h4 Rcc7 35. Rd5 Kf8 36. Bd2 Rh7 37. Ba5 Rcd7 38. a3 Ke8 39. Ke4 Rde7 40. Kd3 Bf4 41. Rh3 gxh4 42. Bd2 Bg3 43. b4 cxb4 44. Bxb4 Kd7 45. c5 Kc6 46. Kc4 Re4+ 47. Rd4 Rxd4+ 48. Kxd4 d5 49. Bd2 Re7 50. Bxh6 Re4+ 51. Kd3 Rxg4 52. Be3 Ra4 53. Bd4 Rxa3+ 54. Ke2 Ra4 55. Bxf6 Re4+ 56. Kd3 Kxc5 57. Kc3 Kd6 58. Bd4 Be5 59. Bxe5+ Kxe5 60. Rf3 Rf4 61. Rxf4 Kxf4 62. f6 h3 63. f7 h2 64. f8=Q+ Kg3 65. Qd6+ Kg2 66. Qxd5+ Kg1 67. Qd1+ Kg2 68. Qg4+ Kf1 69. Qh3+ Kg1 70. Qg3+ Kh1 71. Kd3 1-0

[Event "CAN-op"]
[Site "Edmonton CAN"]
[Date "2000.07.11"]
[Round "5"]
[White "Pivovarov, Juraj"]
[Black "Sekuloff, Mike"]
[Result "1-0"]
[WhiteElo "1677"]
[BlackElo "1725"]
[PlyCount "57"]
[GameId "2160767911686487"]
[EventDate "2000.07.08"]
[EventType "swiss"]
[EventRounds "10"]
[EventCountry "CAN"]

1. c4 e5 2. g3 d5 3. cxd5 Qxd5 4. Nf3 Be6 5. Nc3 Qd7 6. Nxe5 Qd4 7. Nf3 Qd7 8. Bg2 Nc6 9. d4 O-O-O 10. d5 Bb4 11. e4 Bg4 12. Bg5 Nf6 13. Bxf6 gxf6 14. dxc6 Qxc6 15. Qc2 Qc4 16. Bf1 Qc6 17. Nd2 Rxd2 18. Kxd2 Bf3 19. Bh3+ Kb8 20. Rhe1 Rd8+ 21. Kc1 Rd4 22. Bf5 Qd6 23. a3 Bxc3 24. bxc3 Rc4 25. Re3 Bg2 26. Qd3 b5 27. Qxd6 cxd6 28. Kc2 a5 29. Rg1 1-0

[Event "CAN-op"]
[Site "Edmonton CAN"]
[Date "2000.07.11"]
[Round "5"]
[White "Planas, Rodolfo"]
[Black "Hangartner, August"]
[Result "1-0"]
[WhiteElo "1641"]
[BlackElo "1896"]
[PlyCount "58"]
[GameId "2160767911686488"]
[EventDate "2000.07.08"]
[EventType "swiss"]
[EventRounds "10"]
[EventCountry "CAN"]

1. e4 e6 2. c3 d5 3. e5 c5 4. d3 Nc6 5. f4 Nh6 6. Na3 a6 7. g3 Qb6 8. Nc2 Be7 9. Bh3 Bd7 10. Nf3 d4 11. g4 f6 12. exf6 gxf6 13. f5 Nf7 14. fxe6 Bxe6 15. Qe2 Nce5 16. Nxe5 fxe5 17. c4 Bh4+ 18. Kd1 O-O-O 19. Bg2 Bxc4 20. dxc4 d3 21. Qe4 Nd6 22. Qd5 dxc2+ 23. Kxc2 Rhe8 24. Be3 Qb4 25. b3 Bf2 26. a3 Qa5 27. Bxf2 e4 28. Be3 Rd7 29. Rhd1 b6 1-0

[Event "CAN-op"]
[Site "Edmonton CAN"]
[Date "2000.07.11"]
[Round "5"]
[White "Porubszki, Georg"]
[Black "Tootoosis, Harold"]
[Result "1/2-1/2"]
[WhiteElo "2042"]
[BlackElo "1801"]
[PlyCount "93"]
[GameId "2160767911686489"]
[EventDate "2000.07.08"]
[EventType "swiss"]
[EventRounds "10"]
[EventCountry "CAN"]

1. d4 Nf6 2. Nf3 g6 3. e3 Bg7 4. b4 d5 5. Bd3 c6 6. O-O O-O 7. a4 Nbd7 8. Nbd2 Re8 9. Bb2 e5 10. dxe5 Ng4 11. Rb1 Ngxe5 12. Be2 Nxf3+ 13. Nxf3 Bxb2 14. Rxb2 Qf6 15. Rb1 Nb6 16. Ra1 Bg4 17. Qd4 Qxd4 18. Nxd4 Bxe2 19. Nxe2 Re4 20. c3 a5 21. Nd4 Nc4 22. b5 c5 23. Nb3 b6 24. Ra2 Rd8 25. Rd1 f5 26. Nd2 Nxd2 27. Rdxd2 Rc4 28. Ra3 Kf7 29. Kf1 Ke6 30. Ke2 Ke5 31. Kd3 f4 32. exf4+ Rxf4 33. Kc2 d4 34. f3 Rd6 35. g3 Rff6 36. c4 Kf5 37. Re2 Rfe6 38. Kd2 g5 39. Rxe6 Rxe6 40. Kd1 h5 41. Kd2 g4 42. Rd3 h4 43. fxg4+ Kxg4 44. gxh4 Rh6 45. Rg3+ Kf4 46. Rh3 Kg4 47. Rg3+ 1/2-1/2